00489nam a2200121Ia 4500008004100000100001700041245007900058245001900137260000900156856011000165999001900275952007300294160531s9999 xx 000 0 und d aGan, Yong X. aContinuum Mechanics: Progress in Fundamentals and Engineering Applications cby Yong X. Gan c2012 uhttp://www.intechopen.com/books/continuum-mechanics-progress-in-fundamentals-and-engineering-applications c295232d295232 001040aCLbCLd2016-05-31l0r2016-05-31 00:00:00w2016-05-31yCBE